Greatest Military Leaders - Statistics

General Stats
  • This quiz has been taken 152 times
    110 since last reset
  • The average score is 15 of 21
Answer Stats
Hint Answer % Correct
Roman dictator assassinated on the ides of March Gaius Julius Caesar
98%
King of Macedon; Conquered the Persian Empire Alexander the Great
97%
First khan of the Mongol Empire Genghis Khan
95%
Average-height French emperor and general Napoleon Bonaparte
92%
First American president and hero during the American Revolution George Washington
88%
Carthaginian general during the 2nd Punic War Hannibal Barca
87%
Frankish king and Holy Roman Emperor Charlemagne
82%
34th American president and supreme leader of the allied expeditionary forces in Europe Dwight D. Eisenhower
80%
General of the American Civil War who later became president Ulysses S. Grant
77%
Norman invader who conquered England William the Conqueror
76%
Top American general during the Korean War and WWII Douglas MacArthur
72%
King of Sparta; Died at Thermopylae Leonidas I
72%
Founded the Persian Empire and conquered most of Western Asia Cyrus the Great
65%
Roman general and rival of the above Scipio Africanus
63%
Anglo-Irish officer and prime minister whose army defeated the above Arthur Wellesley, 1st Duke of Wellington
61%
Egyptian sultan during the Third Crusade Saladin
59%
Soviet general who was top commander during WWII Georgy Zhukov
57%
Prussian king during the Silesian wars Frederick the Great
54%
Founded the Timurid Empire Tamerlane
54%
Albanian lord who revolted against the Ottoman Empire Skanderbeg
22%
Mongol battle strategist of the above Subutai
17%
No matching quizzes found
Score Distribution
Percent of People with Each Score
Percentile by Number Answered
Your Score History
You have not taken this quiz since the last reset